11-19 Berkeley Square and 15-20 Bruton Street...to be offered for sale by auction...by Messrs. Knight, Frank and Rutley...on Thursday 6 November 1930... (Record no. 116372)

MARC details
000 -LEADER
fixed length control field 00884cam a22001935a 4500
001 - CONTROL NUMBER
control field L140580
008 - FIXED-LENGTH DATA ELEMENTS--GENERAL INFORMATION
fixed length control field 071001s1930 xxk eng u
035 ## - SYSTEM CONTROL NUMBER
System control number (Sirsi) u140580
041 0# - LANGUAGE CODE
Language code of text/sound track or separate title eng
110 2# - MAIN ENTRY--CORPORATE NAME
Corporate name or jurisdiction name as entry element Knight Frank and Rutley
9 (RLIN) 1990
245 00 - TITLE STATEMENT
Title 11-19 Berkeley Square and 15-20 Bruton Street...to be offered for sale by auction...by Messrs. Knight, Frank and Rutley...on Thursday 6 November 1930...
260 ## - PUBLICATION, DISTRIBUTION, ETC.
Place of publication, distribution, etc. London
Name of publisher, distributor, etc. Knight, Frank and Rutley
Date of publication, distribution, etc. 1930
300 ## - PHYSICAL DESCRIPTION
Extent 52 p.
Other physical details ill.
Dimensions 38 cm.
351 ## - ORGANIZATION AND ARRANGEMENT OF MATERIALS
Hierarchical level Single item
500 ## - GENERAL NOTE
General note Sales particulars for houses in Berkeley Square and Bruton Street, Mayfair, to be sold by Knight, Frank at Rutley at the Estate Sales Room, 20 Hanover Square. Includes a history of Berkeley Square and Bruton Street.
651 4# - SUBJECT ADDED ENTRY--GEOGRAPHIC NAME
Geographic name London
690 ## - LOCAL SUBJECT ADDED ENTRY--TOPICAL TERM (OCLC, RLIN)
Topical term or geographic name as entry element PROPERTY-PROPERTY ACQUISITION AND DISPOSAL-ACQUISITION AND DISPOSAL AT AUCTION
942 ## - ADDED ENTRY ELEMENTS (KOHA)
Suppress in OPAC 0
Holdings
Withdrawn status Lost status Source of classification or shelving scheme Damaged status Not for loan Home library Current library Shelving location Date acquired Total Checkouts Full call number Barcode Date last seen Copy number Price effective from Koha item type
    Dewey Decimal Classification     London London Basement 01/10/2007   BASEMENT BOX 1 140580-1001 06/08/2019 1 06/08/2019 Archive